000 00384nam a2200169Ia 4500
001 16739
003 IN-NITTTR
005 20251114233158.0
008 251113s9999||||xx |||||||||||||| ||eng||
040 _beng
040 _cIN-NITTTR
041 _aeng
082 _a150 P959
100 _aJeeves, Malcolm A.
245 0 _aPsychology survey /
_cJeeves, Malcolm A.
942 _2ddc
_cBK
999 _c19373
_d19373